| 000 | 00529nam a2200181 a 4500 | ||
|---|---|---|---|
| 001 | 1777282226154 | ||
| 003 | YourLibrary | ||
| 005 | 20260427150501.0 | ||
| 008 | 260427s2006##################000#0#eng## | ||
| 020 | _a9781843765141 | ||
| 082 | 0 | 4 |
_a381.17209172 _bSHA |
| 100 | 1 |
_aKarake-Shalhoub, Zeinab, _eauthor. |
|
| 245 | 1 | 0 | _aThe Diffusion of E-commerce in Developing Economies : |
| 260 |
_bEdward Elgar Publishing, _c2006. |
||
| 650 | 0 | _aDeveloping countries. | |
| 942 | _cENGLISH | ||
| 040 |
_aYourLibrary _beng _cYourLibrary |
||
| 999 |
_c619981 _d619981 |
||